000 00437nam a2200181Ia 4500
001 22975
005 20260414150906.0
008 260414t2012||||xx |||||||||||||| ||spa||
041 _aESP
082 _a624.171
_bP679
100 _aPrzemieniecki, J. S.
_eAUT
245 0 _aTheory of matrix structural analysis
_b
260 _c2012
300 _a467 páginas :
_c22 cm.
650 _a0
654 _aCIC
942 _cLIB
_dJUS
_fJUS
_2ddc
_n
999 _c22975
_d22975